Könige und Kurfürsten von Sachsen - Statistiken

Allgemein
  • Dieses Quiz wurde 13 mal gespielt
  • Das Durchschnittsergebnis liegt bei 6 aus 18
Antwortstatistiken
Regentschaftszeit Name % Korrekt
1553-1586 August
90%
1694-1733 Friedrich August I. "der Starke"
60%
1763-1827 Friedrich August I. "der gerechte"
50%
1873-1902 Albert
40%
1733-1763 Friedrich August II.
40%
1836-1854 Friedrich August II.
40%
1904-1918 Friedrich August III.
40%
1902-1904 Georg
40%
1854-1873 Johann
40%
1763 Friedrich Christian
30%
1586-1591 Christian I.
20%
1591-1611 Christian II.
20%
1611-1656 Johann Georg I.
10%
1656-1680 Johann Georg II.
10%
1680-1691 Johann Georg III.
10%
1691-1694 Johann Georg IV.
10%
1547-1553 Moritz
10%
1827-1836 Anton "der Gütige"
0%
Keine übereinstimmenden Quizze gefunden
Verteilung der Resultate
Anzahl Personen mit jedem Resultat
Perzentil nach korrekt beantworteten Fragen
Ihre Resultats-Entwicklung
Sie haben dieses Quiz noch nicht gespielt